000 01735cam a2200361 a 4500
001 9139293
003 ARRUPE
005 20150217110206.0
008 110610s2011 miuab b 001 0 eng
010 _a 2011023836
020 _a9780801036323 (pbk.)
020 _a0801036321 (pbk.)
024 _a40020142120
035 _a(OCoLC)ocn662401634
035 _a(OCoLC)662401634
035 _a(NNC)9139293
040 _aDLC
_cDLC
_dYDX
_dBTCTA
_dYDXCP
_dKAT
042 _apcc
050 0 0 _aBS2675.53
_b.M66 2011
082 0 0 _a227/.2077
_223
100 1 _aMontague, George T.
_915116
245 1 0 _aFirst Corinthians /
_cGeorge T. Montague.
260 _aGrand Rapids, Mich. :
_bBaker Academic,
_cc2011.
300 _a307 p. :
_bill., maps ;
_c23 cm.
490 1 _aCatholic commentary on sacred Scripture
504 _aIncludes bibliographical references and indexes.
505 0 _aCliques and the cross (1 Cor. 1) -- The power and the wisdom (1 Cor. 2) -- Our true boast is in God, not ministers (1 Cor. 3) -- Servants and stewards (1 Cor. 4) -- Cleansing the community (1 Cor. 5) -- The court and the courtesan (1 Cor. 6) -- Marriage and virginity (1 Cor. 7) -- Idols: freedom and conscience (1 Cor. 8) -- Paul's personal example (1 Cor. 9) -- Warnings and the Eucharist (1 Cor. 10) -- Problems in the community at worship (1 Cor. 11) -- Many gifts, one body (1 Cor. 12) -- Love, the heart of the gifts (1 Cor. 13) -- The gifts in practice (1 Cor. 14) -- The Resurrection (1 Cor. 15) -- Conclusion (1 Cor. 16).
630 0 0 _aBible.
_pCorinthians, 1st
_vCommentaries.
_95225
830 0 _aCatholic commentary on sacred scripture.
_915117
942 _2lcc
_cMONOGRAPH
948 1 _a20111215
_bc
_csl13
_dMPS
999 _c122040
_d122040